000 00776nam a2200253Ia 4500
003 OSt
005 20220918183636.0
006 a|||||r|||| 00| 0
007 ta
008 220917b |||||||| |||| 00| 0 eng d
024 _a39,410
037 _cTextual
040 _aARTS
_cARTS
_beng
041 _2eng
_aeng
082 _aO15.410j42, J6 (Q4)
100 _aGulik R H van
_948040
245 0 _aSiddham
_b an essay on the history of Sanskrit studies in China and Japan
260 _aNagpur
_bInternational Academy of Indian Culture
_c1956
300 _a240p.
_ccm.
490 _aSanskrit vihara series , ed by Raghuvira; 36
650 _aSANSKRIT LITERATURE
942 _hO15.410j42, J6 (Q4)
_cTEXL
_2CC
999 _c173305
_d173305